000 00386nam a2200145 i 4500
001 bg
100 1 _aWeiss, Stanisław.
245 0 _aStateczność konstrukcji metalowych :
_bukłady prętowe /
_cS. Weiss, Giżejowski.
260 _aWarszawa,
_c1991.
700 1 _aGiżejowski, Marian.
040 _cBPK
041 _apol
942 _cKS
008 s pl f |000 0 pol
999 _c29571
_d29571
856 _uhttp://koha.tu.koszalin.pl/cgi-bin/koha/opac-detail.pl?biblionumber=29571
_yKatalog online BPK